Normal view
MARC view
Entry Topical Term
001 - CONTROL NUMBER
- control field: 68001
003 - CONTROL NUMBER IDENTIFIER
- control field:
005 - DATE AND TIME OF LATEST TRANSACTION
- control field: 20251015144612.0
008 - FIXED-LENGTH DATA ELEMENTS
- fixed length control field: 251015|| aca||aabn | a|a d
040 ## - CATALOGING SOURCE
- Original cataloging agency:
- Transcribing agency:
150 ## - HEADING--TOPICAL TERM
- Topical term or geographic name entry element: Spanish literature
- Form subdivision: History and criticism
670 ## - SOURCE DATA FOUND
- Source citation: Work cat.: ()22174: BRENAN, Gerald aut 43749, The literature of the Spanish people from Roman times to the present day /, 1953
